00731nam a2200229 i 4500003000900000005001700009008004100026040004300067041000800110082002300118100003100141245004500172264007000217300002300287336002200310337002400332338003300356504000600389546002000395650002900415856005700444EG-GICUC20260401113254.0260401s1945 -us ||fr|||| 000 0 eng d aEG-GiCUCbengcEG-GiCUCdEG-GiCUCerda 0aeng04221a341.48bWO . F1 aWootton, Barbara eAuthor.10aFreedom Under Planne /cBarbara Wootton. 1aNorth Carolina :bThe University Of North Carolina Press,c1945. a180 pages,c24 cm. 2rda contentatext 2rda mediaaComputer 2rda carrieraOnline Resource a  aText in English14aPublic international law40uhttps://fll.law.cu.edu.eg/fulltext/bks/B11-09071.pdf